ბათუმის შოთა რუსთაველის სახელმწიფო უნივერსიტეტის ბიბლიოთეკა

Реферативный журнал, №5.2014.Биология. (ბიბ.ჩანაწერი № 43684)

000 -LEADER
fixed length control field 00631nam a2200205Ia 4500
001 - CONTROL NUMBER
control field 10424
003 - CONTROL NUMBER IDENTIFIER
control field GE_BSU
008 - FIXED-LENGTH DATA ELEMENTS--GENERAL INFORMATION
fixed length control field 181216s||||||||xx |||||||||||||| ||und||
040 ## - CATALOGING SOURCE
Transcribing agency GE_BSU
245 ## - TITLE STATEMENT
Title Реферативный журнал, №5.2014.Биология.
245 ## - TITLE STATEMENT
Remainder of title Раздел. Биология.Сводный том.Высшие растения
245 ## - TITLE STATEMENT
Statement of responsibility, etc. гл.ред.РАН Р.В.Петров и др.
260 ## - PUBLICATION, DISTRIBUTION, ETC.
Place of publication, distribution, etc. Москва
260 ## - PUBLICATION, DISTRIBUTION, ETC.
Name of publisher, distributor, etc. Винити
260 ## - PUBLICATION, DISTRIBUTION, ETC.
Date of publication, distribution, etc. 2014
300 ## - PHYSICAL DESCRIPTION
Extent 40стр.30см.
653 ## - INDEX TERM--UNCONTROLLED
Uncontrolled term Ботаника
653 ## - INDEX TERM--UNCONTROLLED
Uncontrolled term Реферативный журнал
942 ## - ADDED ENTRY ELEMENTS (KOHA)
Koha item type პერიოდიკა
ეგზემპლარები
Withdrawn status Lost status Damaged status Not for loan Date acquired Barcode Date last seen Price effective from Koha item type
        2018-12-17 р76309 2018-12-17 2018-12-17 პერიოდიკა